Činnosť miestnych akčných skupín v cestovnom ruchu na Slovensku

Partnerstvá subjektov zainteresovaných na cestovnom ruchu a uplatňovanie marketingového manažmentu. Výsledky prieskumu, ktorého predmetom bola činnosť miestnych akčných skupín a uplatňovanie prvkov marketingového manažmentu. Podnety pre založenie miestnych akčných skupín. Aktivity miestnych akčných...

Descrizione completa

Salvato in:
Dettagli Bibliografici
Autore principale: Kvasnová, Diana
Natura: Capitolo di libro
Lingua:slovacco
Soggetti:
Tags: Aggiungi Tag
Nessun Tag, puoi essere il primo ad aggiungerne!!

MARC

LEADER 00000naa a2200000 4500
001 0264003
005 20200609111533.2
041 0 |a slo 
044 |a SK 
245 1 0 |a Činnosť miestnych akčných skupín v cestovnom ruchu na Slovensku  |c Diana Kvasnová 
520 |a Partnerstvá subjektov zainteresovaných na cestovnom ruchu a uplatňovanie marketingového manažmentu. Výsledky prieskumu, ktorého predmetom bola činnosť miestnych akčných skupín a uplatňovanie prvkov marketingového manažmentu. Podnety pre založenie miestnych akčných skupín. Aktivity miestnych akčných skupín zamerané na podporu cestovného ruchu. Prínosy a bariéry činnosti miestnych akčných skupín. 
610 2 0 |a ruch cestovný 
610 2 0 |a spolupráca podnikov 
610 2 0 |a partnerstvo verejno-súkromné 
610 2 0 |a marketing manažment 
610 2 0 |a prieskum 
100 1 |a Kvasnová, Diana